| 000 | 01708cam a2200457 a 4500 | ||
|---|---|---|---|
| 001 | 2606571 | ||
| 003 | 000 | ||
| 005 | 20170822132450.0 | ||
| 007 | 000 | ||
| 008 | 961107s1996 ke b 001 0 eng d | ||
| 010 | _a 97164751 | ||
| 020 | _a9966420428 | ||
| 020 | _a1856494179 (UK) | ||
| 020 | _a1856494187 (UK pbk.) | ||
| 035 | _a(OCoLC)35854785 | ||
| 040 |
_aUOEL _cUkBaU _dWU _dDLC |
||
| 042 | _alccopycat | ||
| 043 |
_af-ke--- _af------ |
||
| 050 | 0 | 0 |
_aHD983.Z63 _bI63 1996 |
| 245 | 0 | 0 |
_aIn land we trust : _benvironment, private property and constitutional change / _ceditors, Calestous Juma, J.B. Ojwang ; with foreword by Goran Hyden. |
| 260 |
_aNairobi : _bInitiatives Publishers ; _aLondon : _bZed Books, _c1996. |
||
| 300 |
_axiii, 462 p. ; _c21 cm. |
||
| 440 | 0 |
_aACTS environmental policy series ; _vno. 7 |
|
| 504 | _aIncludes bibliographical references (p. 425-449) and index. | ||
| 650 | 0 |
_aLand tenure _zKenya. |
|
| 650 | 0 |
_aLand use _xEnvironmental aspects _zKenya _xPlanning. |
|
| 650 | 0 |
_aNatural resources _zKenya _xManagement. |
|
| 650 | 0 |
_aEnvironmental policy _zKenya. |
|
| 650 | 0 |
_aLand tenure _zAfrica. |
|
| 650 | 0 |
_aLand use _xEnvironmental aspects _zAfrica _xPlanning. |
|
| 650 | 0 |
_aNatural resources _zAfrica _xManagement. |
|
| 650 | 0 |
_aEnvironmental policy _zAfrica. |
|
| 650 | 0 |
_aSustainable development _zAfrica. |
|
| 700 | 1 | _aJuma, Calestous. | |
| 700 | 1 | _aOjwang, J. B. | |
| 710 | 2 | _aAfrican Centre for Technology Studies. | |
| 856 | 4 | 2 |
_3Publisher description _uhttp://www.loc.gov/catdir/description/hol055/97164751.html |
| 906 |
_a7 _bcbc _ccopycat _d2 _encip _f19 _gy-gencatlg |
||
| 942 |
_2lcc _cSBK |
||
| 999 |
_c15697 _d15697 |
||